| 000 | 00563cam a2200229 4500 | ||
|---|---|---|---|
| 001 | J479 | ||
| 008 | 090401t1991 xxu||||| |||| 00| 0 eng d | ||
| 035 | _a(Sirsi) u75227 | ||
| 041 | _aeng | ||
| 050 | _a333.33092 | ||
| 100 | _aHanson, Michael | ||
| 245 | _aMetropolitan: a short history of MEPC. | ||
| 260 |
_aLondon _bMEPC plc _c1991 |
||
| 300 | _a101p. : ill. ; 21x30cm. | ||
| 350 | _a0 | ||
| 650 | _aHISTORY | ||
| 650 | _aPROPERTY COMPANIES | ||
| 690 | _aPROPERTY LAW AND PRACTICE | ||
| 710 |
_aMEPC plc _91615 |
||
| 942 | _n0 | ||
| 948 | _c04/03/1997 | ||
| 999 |
_c95973 _d95973 |
||